[Event "Evry op"]
[Site "Evry"]
[Date "2007.11.01"]
[Round "2"]
[White "Faveau, Lionel"]
[Black "Guliyev, Namig"]
[Result "0-1"]
[WhiteElo "2038"]
[BlackElo "2572"]
[PlyCount "74"]
[EventDate "2007.10.31"]
[EventType "swiss"]
[EventRounds "9"]
[EventCountry "FRA"]
[SourceTitle "EXT 2009"]
[Source "ChessBase"]
[SourceDate "2008.11.26"]
[SourceVersion "1"]
[SourceVersionDate "2008.11.26"]
[SourceQuality "1"]

1. e4 c5 2. c4 Nc6 3. Nc3 d6 4. d3 g6 5. g3 Bg7 6. Bg2 Nf6 7. Nge2 0-0 8. 0-0 Bd7 9. h3 a6 10. Be3 Rb8 11. Qd2 b5 12. cxb5 axb5 13. Bh6 b4 14. Nd5 e6 15. Bxg7 Kxg7 16. Ne3 Qe7 17. f4 Rfc8 18. g4 Ne8 19. g5 f5 20. exf5 gxf5 21. Ng3 Kh8 22. h4 Nc7 23. Bxc6 Bxc6 24. Nexf5 exf5 25. Nxf5 Qe6 26. Nh6 Re8 27. Rae1 Qd5 28. Kh2 Nb5 29. b3 Nd4 30. Qb2 Rxe1 31. Rxe1 Rf8 32. f5 Qf3 33. f6 Qf4+ 34. Kh3 Bd7+ 35. Kg2 Qf3+ 36. Kg1 Qg3+ 37. Kh1 Qxe1+ 0-1